书目信息 |
| 题名: |
国际私法
|
|
| 作者: | 黄进 主编 | |
| 分册: | ||
| 出版信息: | 北京 法律出版社 1999.09 |
|
| 页数: | 962页 | |
| 开本: | 32开 | |
| 丛书名: | ||
| 单 册: | ||
| 中图分类: | D997-43 | |
| 科图分类: | ||
| 主题词: | 国际法 | |
| 电子资源: | ||
| ISBN: | 7-5036-2838-3 | |
| 000 | 00520nam0 2200193 45 | |
| 001 | 0010251943 | |
| 005 | 20001025195526.7 | |
| 010 | @a7-5036-2838-3@d42.00元 | |
| 100 | @a20001025d1999 km y0chiy0120 ea | |
| 101 | 0 | @achi |
| 105 | @a z 000yy | |
| 200 | 1 | @a国际私法@AGuo Ji Si Fa@f黄进主编@FHuang Jin Zhu Bian |
| 210 | @a北京@c法律出版社@d1999.09 | |
| 215 | @a962页@d32开 | |
| 606 | 0 | @a国际法 |
| 690 | @aD997-43@v3 | |
| 701 | 0 | @a黄进@4主编 |
| 801 | @aCN@bPftUser@c20001025 | |
| 905 | @b189983-985@dD997-43@eH.477@f3 | |
| 国际私法/黄进主编.-北京:法律出版社,1999.09 |
| 962页;32开 |
| ISBN 7-5036-2838-3:42.00元 |
| ● |
| 相关链接 |
|
|
|
正题名:国际私法
索取号:D997-43/H.477
 
预约/预借
| 序号 | 登录号 | 条形码 | 馆藏地/架位号 | 状态 | 备注 |
| 1 | 189983 | 201899838 | 社科库509/509社科库 111排2列2层/ [索取号:D997-43/H.477] | 在馆 | |
| 2 | 189984 | 201899847 | 社科库509/509社科库 111排2列2层/ [索取号:D997-43/H.477] | 在馆 | |
| 3 | 189985 | 201899856 | 社科库509/509社科库 111排2列2层/ [索取号:D997-43/H.477] | 在馆 |